[Event "CZE Extraliga 2019-20"]
[Site "Czech Republic"]
[Date "2019.12.01"]
[Round "4.5"]
[White "Koziol, Kamil"]
[Black "Hollan, Martin"]
[Result "1/2-1/2"]
[WhiteElo "2292"]
[BlackElo "2403"]
[Annotator "ChessBase"]
[PlyCount "47"]
[EventDate "2019.09.15"]
[EventType "team-tourn"]
[EventCountry "CZE"]
[SourceTitle "playchess.com"]
[Source "ChessBase"]
[SourceQuality "1"]
[WhiteTeam "Ostrava"]
[BlackTeam "Kromeriz "]
[TimeControl "40/5400+30:1800+30"]

1. e4 {[%emt 0:00:00]} c5 {[%emt 0:00:00]} 2. Nf3 {[%emt 0:00:00]} Nc6 {[%emt 0:00:00]} 3. Bb5 {[%emt 0:00:31]} g6 {[%emt 0:00:00]} 4. Bxc6 {[%emt 0:01:28]} dxc6 {[%emt 0:00:00]} 5. d3 {[%emt 0:01:05]} Bg7 {[%emt 0:00:02]} 6. h3 {[%emt 0:01:34]} Nh6 {[%emt 0:00:46]} 7. O-O {[%emt 0:01:20]} b6 {[%emt 0:00:11]} 8. a4 {[%emt 0:04:01]} a5 {[%emt 0:00:38]} 9. Be3 {[%emt 0:02:19]} f6 {[%emt 0:10:23]} 10. Na3 {[%emt 0:03:26]} Nf7 {[%emt 0:02:31]} 11. Nc4 {[%emt 0:02:24]} Ba6 {[%emt 0:14:59]} 12. Nfd2 {[%emt 0:02:21]} Nd6 {[%emt 0:02:04]} 13. f4 {[%emt 0:06:44]} e6 {[%emt 0:16:24]} 14. Qf3 {[%emt 0:10:51]} O-O {[%emt 0:06:29]} 15. g4 {[%emt 0:05:18]} Nxc4 {[%emt 0:04:27]} 16. Nxc4 {[%emt 0:04:53]} Bxc4 {[%emt 0:04:09]} 17. dxc4 {[%emt 0:00:17]} Qe7 {[%emt 0:00:07]} 18. Rad1 {[%emt 0:12:58]} Bh6 {[%emt 0:07:51]} 19. Kg2 {[%emt 0:07:57]} e5 {[%emt 0:04:04]} 20. f5 {[%emt 0:07:00]} Bxe3 {[%emt 0:01:04]} 21. Qxe3 {[%emt 0:00:15]} Rad8 {[%emt 0:04:07]} 22. Qe2 {[%emt 0:03:23]} Rxd1 {[%emt 0:03:44]} 23. Rxd1 {[%emt 0:00:10]} gxf5 {[%emt 0:08:16]} 24. gxf5 {[%emt 0:00:48]} 1/2-1/2

[Event "CZE Extraliga 2019-20"]
[Site "Czech Republic"]
[Date "2019.12.02"]
[Round "4.6"]
[White "Babula, Vlastimil"]
[Black "Zeman, Matyas"]
[Result "1-0"]
[WhiteElo "2572"]
[BlackElo "2261"]
[Annotator "ChessBase"]
[PlyCount "69"]
[EventDate "2019.09.15"]
[EventType "team-tourn"]
[EventCountry "CZE"]
[SourceTitle "playchess.com"]
[Source "ChessBase"]
[SourceQuality "1"]
[WhiteTeam "Novoborsky"]
[BlackTeam "Brno"]
[WhiteTeamCountry "CZE"]
[BlackTeamCountry "CZE"]
[TimeControl "40/5400+30:1800+30"]

1. d4 {[%emt 0:00:00]} e6 {[%emt 0:00:00]} 2. c4 {[%emt 0:00:00]} d5 {[%emt 0:00:01]} 3. Nc3 {[%emt 0:00:49]} Nf6 {[%emt 0:00:21]} 4. Nf3 {[%emt 0:00:39]} c6 {[%emt 0:00:57]} 5. e3 {[%emt 0:03:18]} Nbd7 {[%emt 0:01:02]} 6. Qc2 {[%emt 0:00:58]} Bd6 {[%emt 0:01:27]} 7. Be2 {[%emt 0:03:16]} O-O {[%emt 0:01:57]} 8. O-O {[%emt 0:00:22]} dxc4 {[%emt 0:08:24]} 9. Bxc4 {[%emt 0:00:20]} b5 {[%emt 0:02:12]} 10. Be2 {[%emt 0:05:41]} Bb7 {[%emt 0:14:21]} 11. a3 {[%emt 0:00:52]} Qe7 {[%emt 0:03:07]} 12. e4 {[%emt 0:06:48]} e5 {[%emt 0:00:27]} 13. Rd1 {[%emt 0:01:31]} Rfe8 {[%emt 0:10:59]} 14. Bg5 {[%emt 0:09:06]} Rad8 {[%emt 0:06:36]} 15. Rd2 {[%emt 0:17:36]} h6 {[%emt 0:02:53]} 16. Bh4 {[%emt 0:01:35]} exd4 {[%emt 0:20:43]} 17. Nxd4 {[%emt 0:20:45]} Bf4 {[%emt 0:00:30]} 18. Rdd1 {[%emt 0:00:30]} Nc5 {[%emt 0:00:30]} 19. Nf5 {[%emt 0:00:30]} Qe6 {[%emt 0:00:30]} 20. Bf3 {[%emt 0:00:30]} g6 {[%emt 0:05:51]} 21. Ne2 {[%emt 0:06:40]} Rxd1+ {[%emt 0:02:45]} 22. Rxd1 {[%emt 0:01:33]} Ncxe4 {[%emt 0:02:54]} 23. Bxe4 {[%emt 0:03:57]} gxf5 {[%emt 0:02:18]} 24. Bxf5 {[%emt 0:04:14]} Qxe2 {[%emt 0:00:08]} 25. Qxe2 {[%emt 0:00:16]} Rxe2 {[%emt 0:00:04]} 26. Bxf6 {[%emt 0:00:11]} Re8 {[%emt 0:01:04]} 27. Bd7 {[%emt 0:01:43]} Re2 {[%emt 0:02:43]} 28. Bg4 {[%emt 0:04:31]} Re8 {[%emt 0:00:13]} 29. h4 {[%emt 0:00:24]} Bc8 {[%emt 0:05:08]} 30. Bf3 {[%emt 0:00:38]} Re6 {[%emt 0:02:35]} 31. Rd8+ {[%emt 0:01:27]} Kh7 {[%emt 0:00:00]} 32. Bc3 {[%emt 0:00:26]} Ba6 {[%emt 0:02:18]} 33. Rh8+ {[%emt 0:00:37]} Kg6 {[%emt 0:00:04]} 34. Rg8+ {[%emt 0:00:27]} Kf5 {[%emt 0:00:34]} 35. g4# {[%emt 0:00:24]} 1-0

[Event "CZE Extraliga 2019-20"]
[Site "Czech Republic"]
[Date "2019.12.01"]
[Round "4.6"]
[White "Kislinsky, Alexey"]
[Black "Chytilek, Roman"]
[Result "1-0"]
[WhiteElo "2436"]
[BlackElo "2330"]
[Annotator "NA"]
[PlyCount "87"]
[EventDate "2019.09.15"]
[EventType "team-tourn"]
[EventCountry "CZE"]
[SourceTitle "playchess.com"]
[Source "ChessBase"]
[SourceQuality "1"]
[WhiteTeam "Lysa nad Labem"]
[BlackTeam "Duras"]
[TimeControl "40/5400+30:1800+30"]

1. e4 {[%emt 0:00:00]} c6 {[%emt 0:00:00]} 2. Nc3 {[%emt 0:00:29]} d5 {[%emt 0:00:01]} 3. Qe2 {[%emt 0:00:17]} d4 {[%emt 0:08:07]} 4. Nd1 {[%emt 0:00:10]} e5 {[%emt 0:00:20]} 5. g3 {[%emt 0:00:22]} Bd6 {[%emt 0:05:24]} 6. Bg2 {[%emt 0:01:49]} Ne7 {[%emt 0:05:12]} 7. d3 {[%emt 0:00:38]} c5 {[%emt 0:00:42]} 8. f4 {[%emt 0:00:31]} Nbc6 {[%emt 0:00:38]} 9. Nf3 {[%emt 0:00:25]} Qc7 {[%emt 0:04:31]} 10. f5 {[%emt 0:06:16]} Bd7 {[%emt 0:02:54]} 11. O-O {[%emt 0:01:03]} O-O-O {[%emt 0:05:53]} 12. c4 {[%emt 0:00:15]} Kb8 {[%emt 0:03:39]} 13. a3 {[%emt 0:06:04]} Na5 {[%emt 0:03:04]} 14. Qc2 {[%emt 0:02:37]} f6 {[%emt 0:09:33]} 15. Rb1 {[%emt 0:05:47]} b5 {[%emt 0:03:59]} 16. b4 {[%emt 0:02:07]} Nb7 {[%emt 0:00:30]} 17. bxc5 {[%emt 0:06:11]} Qxc5 {[%emt 0:01:33]} 18. Qb2 {[%emt 0:03:27]} a6 {[%emt 0:02:42]} 19. Rf2 {[%emt 0:08:59]} Rc8 {[%emt 0:03:09]} 20. Rc2 {[%emt 0:00:10]} Qa7 {[%emt 0:02:19]} 21. Nf2 {[%emt 0:02:57]} bxc4 {[%emt 0:16:16]} 22. Rxc4 {[%emt 0:00:58]} Rxc4 {[%emt 0:00:17]} 23. dxc4 {[%emt 0:00:05]} Rc8 {[%emt 0:01:21]} 24. Bd2 {[%emt 0:10:54]} Rxc4 {[%emt 0:10:06]} 25. Bf1 {[%emt 0:00:33]} Rc6 {[%emt 0:01:08]} 26. a4 {[%emt 0:04:58]} Bc8 {[%emt 0:03:02]} 27. Nd3 {[%emt 0:02:44]} Ka8 {[%emt 0:03:22]} 28. Qa2 {[%emt 0:01:39]} Nc5 {[%emt 0:01:52]} 29. Nxc5 {[%emt 0:00:14]} Bxc5 {[%emt 0:00:27]} 30. Bd3 {[%emt 0:01:21]} g6 {[%emt 0:01:32]} 31. Ba5 {[%emt 0:05:02]} Bb7 {[%emt 0:00:51]} 32. Qf7 {[%emt 0:00:50]} gxf5 {[%emt 0:00:47]} 33. exf5 {[%emt 0:00:06]} Rc8 {[%emt 0:00:39]} 34. Nd2 {[%emt 0:00:40]} Nc6 {[%emt 0:00:29]} 35. Bc7 {[%emt 0:01:19]} Nb4 {[%emt 0:00:23]} 36. Rxb4 {[%emt 0:05:50]} Bxb4 {[%emt 0:00:02]} 37. Nc4 {[%emt 0:00:05]} Bc5 {[%emt 0:01:00]} 38. Qd7 {[%emt 0:02:22]} Rf8 {[%emt 0:00:42]} 39. a5 {[%emt 0:00:31]} Bf3 {[%emt 0:00:30]} 40. Nb6+ {[%emt 0:04:28]} Bxb6 {[%emt 0:00:10]} 41. axb6 {[%emt 0:30:04]} Qb7 {[%emt 0:30:39]} 42. Qa4 {[%emt 0:00:07]} Bh1 {[%emt 0:00:00]} 43. Qa2 {[%emt 0:00:00]} Bd5 {[%emt 0:00:00]} 44. Qa3 {[%emt 0:00:00]} 1-0

[Event "CZE Extraliga 2019-20"]
[Site "Czech Republic"]
[Date "2019.12.01"]
[Round "4.6"]
[White "Rydl, Jiri"]
[Black "Petr, Martin"]
[Result "1/2-1/2"]
[WhiteElo "2422"]
[BlackElo "2460"]
[Annotator "ChessBase"]
[PlyCount "133"]
[EventDate "2019.09.15"]
[EventType "team-tourn"]
[EventCountry "CZE"]
[SourceTitle "playchess.com"]
[Source "ChessBase"]
[SourceQuality "1"]
[WhiteTeam "Siesta Solution Unichess "]
[BlackTeam "Pardubice"]
[TimeControl "40/5400+30:1800+30"]

1. c4 {[%emt 0:00:00]} Nf6 {[%emt 0:00:42]} 2. g3 {[%emt 0:00:00]} c6 {[%emt 0:00:04]} 3. Nf3 {[%emt 0:00:03]} d5 {[%emt 0:00:06]} 4. Bg2 {[%emt 0:00:12]} dxc4 {[%emt 0:01:37]} 5. O-O {[%emt 0:00:16]} Nbd7 {[%emt 0:00:04]} 6. Na3 {[%emt 0:00:41]} Nb6 {[%emt 0:01:08]} 7. Qc2 {[%emt 0:00:43]} Be6 {[%emt 0:00:16]} 8. Ng5 {[%emt 0:00:49]} Bg4 {[%emt 0:00:13]} 9. f3 {[%emt 0:02:54]} Bh5 {[%emt 0:07:28]} 10. Nxc4 {[%emt 0:01:42]} Qd4+ {[%emt 0:09:48]} 11. Ne3 {[%emt 0:00:12]} Nfd5 {[%emt 0:03:57]} 12. Ne4 {[%emt 0:12:47]} e6 {[%emt 0:06:07]} 13. Nf2 {[%emt 0:03:41]} Bg6 {[%emt 0:04:29]} 14. Qb3 {[%emt 0:00:43]} Nxe3 {[%emt 0:02:50]} 15. dxe3 {[%emt 0:00:14]} Qb4 {[%emt 0:00:38]} 16. Qxb4 {[%emt 0:01:28]} Bxb4 {[%emt 0:00:07]} 17. Nd3 {[%emt 0:00:20]} Be7 {[%emt 0:02:15]} 18. e4 {[%emt 0:01:08]} O-O {[%emt 0:00:48]} 19. Be3 {[%emt 0:04:21]} Rfd8 {[%emt 0:04:53]} 20. Rfc1 {[%emt 0:12:15]} Bf6 {[%emt 0:08:28]} 21. Rc2 {[%emt 0:01:06]} Bd4 {[%emt 0:00:37]} 22. Kf2 {[%emt 0:03:27]} f5 {[%emt 0:05:28]} 23. Bxd4 {[%emt 0:02:30]} Rxd4 {[%emt 0:00:07]} 24. Nc5 {[%emt 0:03:46]} fxe4 {[%emt 0:00:37]} 25. fxe4 {[%emt 0:00:08]} e5 {[%emt 0:06:21]} 26. Nxb7 {[%emt 0:03:15]} Rf8+ {[%emt 0:01:35]} 27. Ke1 {[%emt 0:04:25]} Nc4 {[%emt 0:02:26]} 28. Bh3 {[%emt 0:01:12]} Rb8 {[%emt 0:14:36]} 29. Nc5 {[%emt 0:05:56]} Rxb2 {[%emt 0:02:10]} 30. Rxb2 {[%emt 0:07:02]} Nxb2 {[%emt 0:00:11]} 31. Rc1 {[%emt 0:06:37]} Bf7 {[%emt 0:04:09]} 32. Rc2 {[%emt 0:06:49]} Nc4 {[%emt 0:01:13]} 33. Ne6 {[%emt 0:01:32]} Rxe4 {[%emt 0:02:15]} 34. Bf5 {[%emt 0:00:45]} Ne3 {[%emt 0:00:16]} 35. Rd2 {[%emt 0:02:24]} Rb4 {[%emt 0:06:11]} 36. Rd8+ {[%emt 0:00:40]} Be8 {[%emt 0:00:02]} 37. Rxe8+ {[%emt 0:00:51]} Kf7 {[%emt 0:00:04]} 38. Rf8+ {[%emt 0:00:20]} Ke7 {[%emt 0:00:04]} 39. Bh3 {[%emt 0:04:42]} Ng4 {[%emt 0:00:17]} 40. a3 {[%emt 0:04:27]} Rc4 {[%emt 0:02:30]} 41. Rg8 {[%emt 0:07:55]} Kxe6 {[%emt 0:00:46]} 42. Rxg7 {[%emt 0:00:10]} h5 {[%emt 0:00:25]} 43. Rh7 {[%emt 0:02:05]} Kd5 {[%emt 0:03:22]} 44. Rxh5 {[%emt 0:00:33]} Ne3 {[%emt 0:00:06]} 45. Rh6 {[%emt 0:02:29]} Rc2 {[%emt 0:10:02]} 46. Bd7 {[%emt 0:02:16]} e4 {[%emt 0:01:15]} 47. g4 {[%emt 0:01:29]} Ng2+ {[%emt 0:00:55]} 48. Kf2 {[%emt 0:00:36]} Nf4 {[%emt 0:00:04]} 49. Bxc6+ {[%emt 0:04:50]} Rxc6 {[%emt 0:02:02]} 50. Rxc6 {[%emt 0:00:11]} Kxc6 {[%emt 0:00:01]} 51. Ke3 {[%emt 0:00:07]} Nd5+ {[%emt 0:06:09]} 52. Kxe4 {[%emt 0:00:14]} Kd6 {[%emt 0:00:05]} 53. Kf5 {[%emt 0:01:12]} Ne3+ {[%emt 0:00:25]} 54. Kg5 {[%emt 0:00:35]} Ke6 {[%emt 0:01:51]} 55. h4 {[%emt 0:00:30]} Kf7 {[%emt 0:00:08]} 56. h5 {[%emt 0:02:53]} a5 {[%emt 0:02:54]} 57. a4 {[%emt 0:00:28]} Kg7 {[%emt 0:00:22]} 58. Kf4 {[%emt 0:11:00]} Nd5+ {[%emt 0:00:27]} 59. Ke5 {[%emt 0:02:01]} Nc3 {[%emt 0:00:13]} 60. e4 {[%emt 0:00:24]} Nxa4 {[%emt 0:00:06]} 61. Kd4 {[%emt 0:01:23]} Nb6 {[%emt 0:02:17]} 62. g5 {[%emt 0:00:18]} a4 {[%emt 0:02:43]} 63. Kc3 {[%emt 0:00:48]} a3 {[%emt 0:00:07]} 64. Kb3 {[%emt 0:00:12]} Nc4 {[%emt 0:00:05]} 65. Ka2 {[%emt 0:00:08]} Kh7 {[%emt 0:00:05]} 66. Kb3 {[%emt 0:00:26]} Kg7 {[%emt 0:00:06]} 67. Ka2 {[%emt 0:00:12]} 1/2-1/2

[Event "CZE Extraliga 2019-20"]
[Site "Czech Republic"]
[Date "2019.12.01"]
[Round "4.6"]
[White "Burdalev, Kirill"]
[Black "Vlasak, Lukas"]
[Result "1/2-1/2"]
[WhiteElo "2406"]
[BlackElo "2423"]
[Annotator "TA"]
[PlyCount "112"]
[EventDate "2019.09.15"]
[EventType "team-tourn"]
[EventCountry "CZE"]
[SourceTitle "playchess.com"]
[Source "ChessBase"]
[SourceQuality "1"]
[WhiteTeam " Praha"]
[BlackTeam "Turnov"]

{[%evp 17,112,0,0,0,10,4,8,0,0,-3,0,0,-8,-8,0,-20,0,-31,-7,-31,0,-57,-51,-66,-60,-61,-63,-71,3,-47,-57,-60,-13,-29,0,-2,0,-7,-7,-14,-10,-36,-63,-46,-43,-127,-129,-133,12,12,11,17,18,12,71,85,88,94,101,117,93,97,95,35,44,34,32,0,0,0,0,0,0,0,0,0,0,0,0,0,0,0,0,-8,-8,-8,-8,-8,0,0,0,0,0,0,0,0,0]} 1. e4 e5 2. Nf3 Nf6 3. Nc3 Nc6 4. d4 exd4 5. Nxd4 Bb4 6. Nxc6 bxc6 7. Bd3 O-O 8. O-O d5 9. exd5 cxd5 10. h3 {C47: Scotch Four Knights and Four Knights with 4 g3} c6 11. Qf3 Bd6 12. Bf4 Be6 13. Rae1 $146 ({Predecessor:} 13. b3 c5 14. Rad1 Bxf4 15. Qxf4 Qa5 16. Qd2 c4 17. Be2 Rac8 18. bxc4 dxc4 {0-1 (28) Morozevich,A (2656)-Mamedyarov,S (2817) St Petersburg 2018}) 13... Rb8 14. Nd1 Bxf4 15. Qxf4 Qa5 16. a3 c5 17. Re5 Qc7 18. Rfe1 h6 19. Qh4 (19. b3 $11) 19... c4 $15 20. Bf5 Bxf5 21. Rxf5 Rfe8 {[%cal Re8e1] [#]} 22. Rf1 Qd7 (22... Re4 $17 23. Qg3 Qxg3 24. fxg3 d4) 23. Rf3 (23. Rxf6 $5 gxf6 24. Ne3 $11) 23... Rb6 {Threatens to win with ...d4.} 24. Re3 $1 Rbe6 25. Rxe6 Rxe6 26. Qd4 Re4 $36 {[%mdl 2048] White is under pressure.} 27. Qc5 Re2 28. Ne3 Ne4 29. Qd4 Rd2 30. Qe5 Qe6 31. Qb8+ (31. Qxe6 $15 fxe6 32. f3) 31... Kh7 $17 {Hoping for ...d4.} 32. Qf4 Qf6 ({Better is} 32... g5 $17 33. Qf3 Kg6) 33. Qxf6 $11 Nxf6 34. Rd1 Rxd1+ 35. Nxd1 {[%mdl 4096] Endgame KN-KN} Nd7 (35... Ne4 $11 {keeps the balance.}) 36. Nc3 $16 Nb6 37. Kf1 a6 38. Ke2 d4 39. Ne4 Kg6 {[#]} 40. Nc5 (40. b3 $1 $16) 40... a5 $14 41. b3 Kf6 42. a4 Ke5 $1 {The position is equal.} 43. Nb7 d3+ $1 44. Kd2 dxc2 45. Kxc2 cxb3+ 46. Kxb3 Kd4 47. Nxa5 Kd3 48. Nc6 Nxa4 $1 49. Ne5+ Ke2 50. f4 Nc5+ 51. Kc4 Ne6 52. f5 Nf4 {...f6 is the strong threat.} 53. Nxf7 Nxg2 54. f6 gxf6 {Black wants to play ...h5.} 55. Nxh6 Nf4 56. Ng4 Nxh3 {Accuracy: White = 58%, Black = 61%.} 1/2-1/2

[Event "CZE Extraliga 2019-20"]
[Site "Czech Republic"]
[Date "2019.12.01"]
[Round "4.6"]
[White "Rubes, Jan"]
[Black "Malik, Jan"]
[Result "1-0"]
[WhiteElo "2363"]
[BlackElo "2291"]
[Annotator "NA"]
[PlyCount "93"]
[EventDate "2019.09.15"]
[EventType "team-tourn"]
[EventCountry "CZE"]
[SourceTitle "playchess.com"]
[Source "ChessBase"]
[SourceQuality "1"]
[WhiteTeam "Kromeriz "]
[BlackTeam "Ostrava"]
[TimeControl "40/5400+30:1800+30"]

1. e4 {[%emt 0:00:00]} c5 {[%emt 0:00:00]} 2. Nf3 {[%emt 0:00:00]} d6 {[%emt 0:00:00]} 3. d4 {[%emt 0:00:00]} cxd4 {[%emt 0:00:00]} 4. Qxd4 {[%emt 0:00:00]} Nc6 {[%emt 0:00:00]} 5. Qe3 {[%emt 0:00:00]} Nf6 {[%emt 0:03:43]} 6. Be2 {[%emt 0:00:36]} g6 {[%emt 0:06:01]} 7. c4 {[%emt 0:00:09]} Bg7 {[%emt 0:00:17]} 8. O-O {[%emt 0:00:14]} O-O {[%emt 0:00:09]} 9. Nc3 {[%emt 0:00:04]} Ng4 {[%emt 0:06:10]} 10. Qg5 {[%emt 0:00:05]} Nge5 {[%emt 0:03:10]} 11. Nxe5 {[%emt 0:00:50]} dxe5 {[%emt 0:02:06]} 12. Be3 {[%emt 0:00:12]} Nd4 {[%emt 0:00:35]} 13. Rac1 {[%emt 0:01:40]} e6 {[%emt 0:04:19]} 14. Rfd1 {[%emt 0:06:18]} Bd7 {[%emt 0:04:14]} 15. Bf1 {[%emt 0:00:29]} Bc6 {[%emt 0:02:19]} 16. b4 {[%emt 0:14:15]} b6 {[%emt 0:04:40]} 17. f3 {[%emt 0:02:33]} f5 {[%emt 0:03:11]} 18. b5 {[%emt 0:06:39]} Bb7 {[%emt 0:00:58]} 19. c5 {[%emt 0:04:10]} bxc5 {[%emt 0:01:24]} 20. Na4 {[%emt 0:03:32]} Bf6 {[%emt 0:19:06]} 21. Qh6 {[%emt 0:00:04]} Bg7 {[%emt 0:06:05]} 22. Qh3 {[%emt 0:00:27]} Rc8 {[%emt 0:01:24]} 23. Nxc5 {[%emt 0:01:26]} Qe7 {[%emt 0:04:02]} 24. Nxb7 {[%emt 0:06:41]} Qxb7 {[%emt 0:00:03]} 25. exf5 {[%emt 0:05:23]} exf5 {[%emt 0:00:47]} 26. Qh4 {[%emt 0:08:24]} Bf6 {[%emt 0:03:34]} 27. Qf2 {[%emt 0:00:38]} Rxc1 {[%emt 0:01:08]} 28. Rxc1 {[%emt 0:00:11]} Rc8 {[%emt 0:00:10]} 29. Qd2 {[%emt 0:12:11]} Rd8 {[%emt 0:04:59]} 30. Qa5 {[%emt 0:00:10]} Rd7 {[%emt 0:02:17]} 31. Qc3 {[%emt 0:12:18]} Kg7 {[%emt 0:01:54]} 32. Qc8 {[%emt 0:00:37]} e4 {[%emt 0:02:32]} 33. Qxb7 {[%emt 0:01:30]} Rxb7 {[%emt 0:00:10]} 34. fxe4 {[%emt 0:00:06]} fxe4 {[%emt 0:00:06]} 35. a4 {[%emt 0:03:17]} Nf5 {[%emt 0:00:19]} 36. Bf4 {[%emt 0:01:24]} Bd4+ {[%emt 0:00:39]} 37. Kh1 {[%emt 0:00:02]} Bb6 {[%emt 0:00:26]} 38. g4 {[%emt 0:00:39]} Ne3 {[%emt 0:07:21]} 39. Be2 {[%emt 0:01:07]} Nd5 {[%emt 0:00:58]} 40. Be5+ {[%emt 0:00:20]} Kh6 {[%emt 0:00:12]} 41. h4 {[%emt 0:30:26]} Be3 {[%emt 0:31:08]} 42. g5+ {[%emt 0:00:56]} Bxg5 {[%emt 0:00:02]} 43. hxg5+ {[%emt 0:00:04]} Kxg5 {[%emt 0:00:07]} 44. a5 {[%emt 0:07:32]} Kf5 {[%emt 0:00:26]} 45. Bh2 {[%emt 0:01:51]} Rd7 {[%emt 0:02:39]} 46. Rf1+ {[%emt 0:01:31]} Kg5 {[%emt 0:00:18]} 47. Rd1 {[%emt 0:00:18]} 1-0

[Event "CZE Extraliga 2019-20"]
[Site "Czech Republic"]
[Date "2019.12.01"]
[Round "4.6"]
[White "Mrazek, Lumir"]
[Black "Kanovsky, David"]
[Result "0-1"]
[WhiteElo "2303"]
[BlackElo "2424"]
[Annotator "TA"]
[PlyCount "126"]
[EventDate "2019.09.15"]
[EventType "team-tourn"]
[EventCountry "CZE"]
[SourceTitle "playchess.com"]
[Source "ChessBase"]
[SourceQuality "1"]
[WhiteTeam " Frydek-Mistek"]
[BlackTeam "Poruba"]

{[%evp 9,126,43,36,3,37,20,64,21,37,26,18,6,13,6,9,-25,-13,-31,0,-52,19,7,14,16,50,29,27,29,25,19,33,21,91,-20,-30,-18,-21,-53,-54,-27,-16,-150,-147,-143,-147,-147,-142,-147,-141,-147,-147,-148,-147,-176,-178,-172,-141,-155,-167,-166,-169,-172,-177,-181,-181,-164,-129,-133,-133,-121,-74,-80,-76,-122,-116,-118,-108,-116,-64,-76,-68,-68,-64,-64,-64,-64,-64,-116,-64,-89,-64,-64,-64,-70,-57,-64,-17,-99,-9,-64,-64,-65,-8,-712,-698,-698,-670,-607,-606,-29963,-12799,-29983,-29984,-29984,-29985,-29985,-29986,-29984,-29985]} 1. e4 c5 2. d4 cxd4 3. c3 d3 4. Bxd3 Nc6 5. Nf3 g6 6. h4 {B21: Sicilian: 2 f4 and Morra Gambit} (6. O-O Bg7 7. c4 d6 8. h3 Nf6 9. Nc3 Nd7 10. Be3 Bxc3 11. bxc3 Qa5 12. Qd2 Nc5 13. Bc2 Be6 14. Nd4 Ne5 15. Nxe6 Nxe6 {1-0 (51) Mons,L (2339)-Naiditsch,A (2704) Germany 2013}) 6... h5 7. Na3 $146 ({Predecessor:} 7. Ng5 Bg7 8. f4 d6 9. O-O Nf6 10. Qb3 O-O 11. f5 Ne5 12. fxg6 Nxd3 13. gxf7+ Kh8 {0-1 (39) Mogirzan,M (1809)-Chioran,A (1831) Iasi 2018}) 7... d6 8. Qb3 {White is slightly better.} Nh6 9. Bc4 Na5 10. Qa4+ Bd7 11. Bb5 {Threatens to win with Bxd7+.} Nc6 12. Bxc6 Bxc6 13. Qd4 Rg8 (13... e5 $5 {[%cal Re5d4]} 14. Qd3 (14. Nxe5 dxe5 15. Qxe5+ {[%mdl 64] Double Attack} Qe7 $17) 14... Ng4 $15) 14. Bg5 (14. Qd3 $11) 14... Bg7 (14... Qd7 $15) 15. Qd2 $36 {[%mdl 2048] White has the initiative.} Ng4 16. Nd4 Qd7 17. Nxc6 Qxc6 18. f3 Ne5 19. O-O f6 20. Be3 f5 (20... O-O-O $11) 21. Qd5 (21. exf5 $16 {Strongly threatening f4.} gxf5 22. Bg5) 21... Qxd5 22. exd5 Bf6 23. Nb5 {With the idea Nc7+.} Kd7 24. Bxa7 Nd3 25. Rfd1 (25. Bd4 $11) 25... Nxb2 $17 26. Rdb1 Na4 27. Bd4 Bxh4 28. Rb4 b6 {[%cal Bb7b6,Bb6b5][%mdl 32]} 29. Na3 Rgc8 30. Nc4 {[#] Hoping for Rxa4!} b5 $1 {[%mdl 512]} 31. Nb2 (31. Rxb5 Rxc4) 31... Nxb2 32. Rxb2 Rcb8 33. Rab1 Ra4 34. Kh2 f4 35. Kh3 Bg3 36. Bf2 Bxf2 37. Rxf2 $19 {[%mdl 4096] Endgame KRR-KRR} Rc4 38. Kh4 Rxc3 39. Rd2 e5 40. dxe6+ Kxe6 41. Rbd1 Rd8 42. Kg5 Rc5+ 43. Kxf4 Rf5+ (43... g5+ $17 44. Ke3 d5) 44. Ke3 Re5+ 45. Kf2 d5 46. Rb1 d4 47. Rb4 Red5 48. Ke2 (48. a4 $15) 48... Kf5 (48... Ra8 $17 49. Kd3 Ra3+ 50. Rb3 Ra4) 49. g3 g5 50. a4 bxa4 51. Rxa4 R8d6 52. Ra8 d3+ 53. Kf2 (53. Kd1 $11 {keeps the balance.}) 53... Rc6 (53... h4 $17 {White must now prevent ...Rd8.} 54. Ra4 Rd4) 54. Rf8+ ({White should play} 54. Ra3 $1 $11) 54... Kg6 $15 55. Rh8 Rc2 (55... Rf6 $15) 56. Rxc2 $4 {[%mdl 8192]} (56. Ke3 $11) 56... dxc2 $11 {KR-KR} 57. Rc8 Rd2+ 58. Ke3 Rg2 59. g4 {[#]} h4 $1 {[%cal Rh4h3]} 60. Rc6+ Kf7 {Black mates.} 61. f4 h3 62. Kf3 gxf4 63. g5 Rd2 {Accuracy: White = 42%, Black = 48%.} 0-1

[Event "CZE Extraliga 2019-20"]
[Site "Czech Republic"]
[Date "2019.12.01"]
[Round "4.7"]
[White "Jirovsky, Milos"]
[Black "Jurcik, Martin"]
[Result "1/2-1/2"]
[WhiteElo "2452"]
[BlackElo "2360"]
[Annotator "ChessBase"]
[PlyCount "64"]
[EventDate "2019.09.15"]
[EventType "team-tourn"]
[EventCountry "CZE"]
[SourceTitle "playchess.com"]
[Source "ChessBase"]
[SourceQuality "1"]
[WhiteTeam "Pardubice "]
[BlackTeam "Siesta Solution Unichess "]
[TimeControl "40/5400+30:1800+30"]

1. Nf3 {[%emt 0:00:00]} d5 {[%emt 0:00:09]} 2. g3 {[%emt 0:00:20]} g6 {[%emt 0:08:01]} 3. Bg2 {[%emt 0:01:21]} Bg7 {[%emt 0:01:39]} 4. d4 {[%emt 0:00:13]} Nf6 {[%emt 0:02:29]} 5. O-O {[%emt 0:00:26]} O-O {[%emt 0:00:42]} 6. Nbd2 {[%emt 0:01:06]} c6 {[%emt 0:19:48]} 7. c4 {[%emt 0:02:50]} Bf5 {[%emt 0:00:37]} 8. b3 {[%emt 0:00:49]} Nbd7 {[%emt 0:00:20]} 9. Bb2 {[%emt 0:01:49]} Ne4 {[%emt 0:02:54]} 10. Nh4 {[%emt 0:04:42]} Nxd2 {[%emt 0:03:25]} 11. Qxd2 {[%emt 0:00:10]} Be6 {[%emt 0:00:14]} 12. e4 {[%emt 0:04:03]} dxe4 {[%emt 0:23:28]} 13. Bxe4 {[%emt 0:00:47]} Nf6 {[%emt 0:00:52]} 14. Bg2 {[%emt 0:00:37]} Qd7 {[%emt 0:07:40]} 15. Rfe1 {[%emt 0:01:11]} Rad8 {[%emt 0:00:36]} 16. Nf3 {[%emt 0:01:22]} Rfe8 {[%emt 0:01:57]} 17. Rad1 {[%emt 0:01:35]} Qc8 {[%emt 0:00:17]} 18. Qb4 {[%emt 0:06:48]} Bf8 {[%emt 0:12:03]} 19. Qa5 {[%emt 0:01:36]} a6 {[%emt 0:00:13]} 20. Ne5 {[%emt 0:01:45]} Bh3 {[%emt 0:02:03]} 21. Bh1 {[%emt 0:01:24]} Bg7 {[%emt 0:00:00]} 22. Nd3 {[%emt 0:14:17]} Bf5 {[%emt 0:01:37]} 23. Qb4 {[%emt 0:04:12]} Bxd3 {[%emt 0:00:59]} 24. Rxd3 {[%emt 0:00:08]} e6 {[%emt 0:00:23]} 25. Red1 {[%emt 0:01:30]} Rd7 {[%emt 0:00:38]} 26. Qd2 {[%emt 0:03:40]} Red8 {[%emt 0:00:02]} 27. Bc3 {[%emt 0:00:54]} Qc7 {[%emt 0:02:29]} 28. Bg2 {[%emt 0:07:04]} h6 {[%emt 0:01:45]} 29. h4 {[%emt 0:04:36]} h5 {[%emt 0:00:12]} 30. Qe2 {[%emt 0:01:19]} Ng4 {[%emt 0:01:02]} 31. Bh3 {[%emt 0:02:16]} Nh6 {[%emt 0:00:12]} 32. Kg2 {[%emt 0:03:51]} Kh7 {[%emt 0:00:46]} 1/2-1/2